[Event "World Chess Olympiad 2018"]
[Site "Batumi"]
[Date "2018.09.26"]
[Round "3"]
[Board "3"]
[WhiteFideId "11602945"]
[White "Kantans Toms"]
[BlackFideId "11100516"]
[Black "Blackman Justin"]
[Result "1-0"]
[LiveChessVersion "1.4.8"]
[BlackElo "2158"]
[WhiteElo "2509"]

1. e4 {[%clk 1:30:56]} c5 {[%clk 1:30:55]} 2. Nf3 {[%clk 1:31:19]} d6
{[%clk 1:31:19]} 3. d4 {[%clk 1:31:44]} cxd4 {[%clk 1:31:45]} 4. Nxd4
{[%clk 1:32:08]} Nf6 {[%clk 1:32:10]} 5. Nc3 {[%clk 1:32:33]} a6 {[%clk 1:32:35]}
6. Bg5 {[%clk 1:32:57]} e6 {[%clk 1:32:59]} 7. f4 {[%clk 1:33:16]} h6
{[%clk 1:33:23]} 8. Bh4 {[%clk 1:33:42]} Be7 {[%clk 1:33:40]} 9. Qf3
{[%clk 1:32:43]} Qc7 {[%clk 1:33:50]} 10. O-O-O {[%clk 1:33:04]} Nbd7
{[%clk 1:34:08]} 11. Be2 {[%clk 1:32:03]} b5 {[%clk 1:34:30]} 12. Bxf6
{[%clk 1:30:04]} Nxf6 {[%clk 1:34:54]} 13. e5 {[%clk 1:30:22]} Bb7
{[%clk 1:35:18]} 14. Qg3 {[%clk 1:30:44]} dxe5 {[%clk 1:35:41]} 15. fxe5
{[%clk 1:31:01]} Nd5 {[%clk 1:36:02]} 16. Nxe6 {[%clk 1:30:47]} fxe6
{[%clk 1:36:26]} 17. Qg6+ {[%clk 1:31:13]} Kd7 {[%clk 1:36:44]} 18. Bg4
{[%clk 1:30:42]} Qxe5 {[%clk 1:37:03]} 19. Nxd5 {[%clk 1:31:03]} Qg5+
{[%clk 1:37:25]} 20. Qxg5 {[%clk 1:31:28]} Bxg5+ {[%clk 1:37:48]} 21. Kb1
{[%clk 1:31:53]} Bxd5 {[%clk 1:38:06]} 22. Rxd5+ {[%clk 1:32:17]} Kc7
{[%clk 1:38:28]} 23. Rc5+ {[%clk 1:31:40]} Kb6 {[%clk 1:30:39]} 24. Re5
{[%clk 1:32:03]} Rhe8 {[%clk 1:27:09]} 25. Rhe1 {[%clk 1:32:26]} Rad8
{[%clk 1:25:43]} 26. Rxe6+ {[%clk 1:32:39]} Rxe6 {[%clk 1:26:07]} 27. Rxe6+
{[%clk 1:33:04]} Ka7 {[%clk 1:23:55]} 28. a3 {[%clk 1:32:42]} Bf6
{[%clk 1:04:29]} 29. Rc6 {[%clk 1:21:25]} Be5 {[%clk 0:52:13]} 30. h3
{[%clk 1:20:51]} Rd6 {[%clk 0:51:11]} 31. Rc7+ {[%clk 1:19:51]} Kb6
{[%clk 0:22:38]} 32. Rf7 {[%clk 1:20:12]} Rc6 {[%clk 0:18:58]} 33. Bf3
{[%clk 1:17:51]} Rc7 {[%clk 0:17:01]} 34. Rf8 {[%clk 1:18:14]} Bf6
{[%clk 0:15:43]} 35. c3 {[%clk 1:15:44]} Ka7 {[%clk 0:14:56]} 36. Kc2
{[%clk 1:15:06]} Kb6 {[%clk 0:15:08]} 37. Kb3 {[%clk 1:12:14]} Ka7
{[%clk 0:12:49]} 38. Re8 {[%clk 1:12:17]} Kb6 {[%clk 0:12:23]} 39. Re6+
{[%clk 1:12:09]} Ka7 {[%clk 0:12:32]} 40. Kc2 {[%clk 1:36:28]} Rc5
{[%clk 0:35:21]} 41. Rd6 {[%clk 1:29:05]} Be5 {[%clk 0:32:57]} 42. Rd8
{[%clk 1:29:20]} Kb6 {[%clk 0:32:18]} 43. Re8 {[%clk 1:28:20]} Bf6
{[%clk 0:32:05]} 44. Rb8+ {[%clk 1:28:23]} Kc7 {[%clk 0:29:41]} 45. Rb7+
{[%clk 1:28:13]} Kc8 {[%clk 0:28:29]} 46. Ra7 {[%clk 1:28:10]} Kb8
{[%clk 0:26:30]} 47. Rxa6 {[%clk 1:28:23]} Kc7 {[%clk 0:26:41]} 48. Kb3
{[%clk 1:28:05]} h5 {[%clk 0:24:33]} 49. Ra7+ {[%clk 1:22:11]} Kb6
{[%clk 0:22:19]} 50. Rb7+ {[%clk 1:22:36]} Ka6 {[%clk 0:22:19]} 51. Rb8
{[%clk 1:21:35]} h4 {[%clk 0:20:30]} 52. Re8 {[%clk 1:19:37]} Re5
{[%clk 0:19:37]} 53. Rc8 {[%clk 1:17:32]} Re6 {[%clk 0:19:39]} 54. a4
{[%clk 1:16:42]} bxa4+ {[%clk 0:19:51]} 55. Kxa4 {[%clk 1:17:08]} Ka7
{[%clk 0:20:07]} 56. b4 {[%clk 1:17:12]} Rd6 {[%clk 0:16:14]} 57. c4
{[%clk 1:16:15]} Rd8 {[%clk 0:16:12]} 58. Rxd8 {[%clk 1:15:02]} Bxd8
{[%clk 0:16:17]} 59. c5 {[%clk 1:15:20]} 1-0

[Event "World Chess Olympiad 2018"]
[Site "Batumi"]
[Date "2018.09.26"]
[Round "3"]
[Board "4"]
[WhiteFideId "11101660"]
[White "Prescod Bryan"]
[BlackFideId "11601426"]
[Black "Bernotas Arturs"]
[Result "0-1"]
[LiveChessVersion "1.4.8"]
[BlackElo "2408"]
[WhiteElo "2039"]

1. d4 {[%clk 1:30:57]} Nf6 {[%clk 1:30:46]} 2. Bf4 {[%clk 1:31:14]} e6
{[%clk 1:30:49]} 3. e3 {[%clk 1:31:33]} d5 {[%clk 1:30:46]} 4. Nd2
{[%clk 1:31:47]} c5 {[%clk 1:30:18]} 5. c3 {[%clk 1:32:00]} Bd6 {[%clk 1:30:04]}
6. Ngf3 {[%clk 1:31:20]} O-O {[%clk 1:29:47]} 7. Bd3 {[%clk 1:30:48]} Nc6
{[%clk 1:29:26]} 8. dxc5 {[%clk 1:25:39]} Bxc5 {[%clk 1:15:31]} 9. O-O
{[%clk 1:25:30]} h6 {[%clk 1:11:37]} 10. b4 {[%clk 1:19:36]} Bd6 {[%clk 1:05:15]}
11. Bxd6 {[%clk 1:16:32]} Qxd6 {[%clk 1:05:41]} 12. e4 {[%clk 1:16:46]} Ne5
{[%clk 1:00:13]} 13. Nxe5 {[%clk 1:11:28]} Qxe5 {[%clk 1:00:34]} 14. Qb3
{[%clk 1:09:37]} dxe4 {[%clk 0:54:39]} 15. Nc4 {[%clk 0:50:35]} Qc7
{[%clk 0:48:03]} 16. Bc2 {[%clk 0:48:22]} Ng4 {[%clk 0:41:47]} 17. g3
{[%clk 0:46:51]} e5 {[%clk 0:41:39]} 18. Na5 {[%clk 0:26:01]} b6 {[%clk 0:32:10]}
19. Qd5 {[%clk 0:25:08]} Bf5 {[%clk 0:30:57]} 20. Nc6 {[%clk 0:24:09]} Be6
{[%clk 0:27:31]} 21. Qb5 {[%clk 0:19:43]} a6 {[%clk 0:27:01]} 22. Qe2
{[%clk 0:19:45]} Qxc6 {[%clk 0:26:36]} 23. Bxe4 {[%clk 0:19:54]} Qc4
{[%clk 0:25:57]} 0-1

[Event "World Chess Olympiad 2018"]
[Site "Batumi"]
[Date "2018.09.26"]
[Round "3"]
[Board "1"]
[WhiteFideId "14918781"]
[White "Repka Christopher"]
[BlackFideId "11300507"]
[Black "Oatlhotse Providence"]
[Result "1-0"]
[LiveChessVersion "1.4.8"]
[BlackElo "2206"]
[WhiteElo "2523"]

1. d4 {[%clk 1:30:58]} Nf6 {[%clk 1:30:57]} 2. c4 {[%clk 1:31:24]} e6
{[%clk 1:31:20]} 3. Nc3 {[%clk 1:31:52]} Bb4 {[%clk 1:31:41]} 4. e3
{[%clk 1:32:12]} c5 {[%clk 1:30:53]} 5. Bd3 {[%clk 1:32:33]} O-O {[%clk 1:28:40]}
6. Nf3 {[%clk 1:33:01]} d5 {[%clk 1:27:43]} 7. O-O {[%clk 1:33:25]} cxd4
{[%clk 1:27:16]} 8. exd4 {[%clk 1:33:50]} dxc4 {[%clk 1:26:00]} 9. Bxc4
{[%clk 1:24:43]} b6 {[%clk 1:25:57]} 10. Bg5 {[%clk 1:25:11]} Bb7
{[%clk 1:26:06]} 11. Rc1 {[%clk 1:25:20]} Nbd7 {[%clk 1:23:43]} 12. a3
{[%clk 1:25:47]} Bxc3 {[%clk 1:12:30]} 13. Rxc3 {[%clk 1:26:05]} Rc8
{[%clk 1:12:48]} 14. Re1 {[%clk 1:25:46]} a6 {[%clk 1:10:47]} 15. a4
{[%clk 1:15:47]} h6 {[%clk 0:57:36]} 16. Bh4 {[%clk 1:16:14]} Rc7
{[%clk 0:54:10]} 17. Bg3 {[%clk 0:51:25]} Rc8 {[%clk 0:43:49]} 18. Bh4
{[%clk 0:48:24]} Rc7 {[%clk 0:32:50]} 19. Qe2 {[%clk 0:38:11]} Qa8
{[%clk 0:30:56]} 20. Ne5 {[%clk 0:36:58]} Ne4 {[%clk 0:26:14]} 21. Re3
{[%clk 0:24:48]} Nxe5 {[%clk 0:11:34]} 22. dxe5 {[%clk 0:25:16]} Rfc8
{[%clk 0:11:24]} 23. Bd3 {[%clk 0:25:43]} Nc5 {[%clk 0:10:39]} 24. Bf6
{[%clk 0:15:47]} gxf6 {[%clk 0:01:04]} 25. exf6 {[%clk 0:12:39]} Kf8
{[%clk 0:00:36]} 26. Qg4 {[%clk 0:09:21]} Bd5 {[%clk 0:00:48]} 27. Bf1
{[%clk 0:02:42]} Ke8 {[%clk 0:00:52]} 28. b4 {[%clk 0:01:37]} Ne4
{[%clk 0:00:42]} 29. Rxe4 {[%clk 0:01:45]} Bxe4 {[%clk 0:01:10]} 30. Rxe4
{[%clk 0:02:12]} Qd5 {[%clk 0:00:58]} 31. h4 {[%clk 0:02:41]} h5 {[%clk 0:00:34]}
32. Qg8+ {[%clk 0:02:45]} Kd7 {[%clk 0:01:04]} 33. Qxf7+ {[%clk 0:03:09]} Kd6
{[%clk 0:01:31]} 34. Qg6 {[%clk 0:03:34]} Rc1 {[%clk 0:00:37]} 35. Qg3+
{[%clk 0:02:09]} e5 {[%clk 0:00:55]} 36. Qe3 {[%clk 0:02:37]} Rxf1+
{[%clk 0:00:34]} 37. Kxf1 {[%clk 0:02:39]} Qd1+ {[%clk 0:00:48]} 38. Qe1
{[%clk 0:03:05]} Qxe1+ {[%clk 0:00:34]} 39. Rxe1 {[%clk 0:02:39]} Rf8
{[%clk 0:00:36]} 40. Rd1+ {[%clk 0:33:02]} Kc6 {[%clk 0:30:42]} 41. g3
{[%clk 0:29:15]} Rxf6 {[%clk 0:27:45]} 42. Rd8 {[%clk 0:29:25]} Rf3
{[%clk 0:18:11]} 43. Rh8 {[%clk 0:29:22]} e4 {[%clk 0:11:41]} 44. Rh6+
{[%clk 0:29:23]} Kc7 {[%clk 0:10:25]} 45. Kg2 {[%clk 0:26:16]} Ra3
{[%clk 0:09:30]} 46. Rxh5 {[%clk 0:26:06]} Rxa4 {[%clk 0:09:57]} 47. Rh7+
{[%clk 0:26:22]} Kc6 {[%clk 0:09:04]} 48. h5 {[%clk 0:26:47]} Rxb4
{[%clk 0:08:34]} 49. h6 {[%clk 0:27:14]} Rd4 {[%clk 0:08:15]} 50. Rg7
{[%clk 0:26:37]} Rd8 {[%clk 0:06:52]} 51. h7 {[%clk 0:27:03]} Rh8
{[%clk 0:07:17]} 52. g4 {[%clk 0:27:31]} b5 {[%clk 0:06:42]} 53. g5
{[%clk 0:27:57]} b4 {[%clk 0:06:38]} 54. g6 {[%clk 0:28:20]} e3 {[%clk 0:00:34]}
55. fxe3 {[%clk 0:28:34]} b3 {[%clk 0:01:00]} 56. Rf7 {[%clk 0:28:24]} a5
{[%clk 0:00:34]} 57. g7 {[%clk 0:28:42]} b2 {[%clk 0:00:34]} 58. gxh8=Q
{[%clk 0:28:59]} b1=Q {[%clk 0:00:42]} 59. Qc8+ {[%clk 0:29:15]} Kd6
{[%clk 0:00:46]} 60. Rd7+ {[%clk 0:29:17]} Ke5 {[%clk 0:01:05]} 1-0

[Event "World Chess Olympiad 2018"]
[Site "Batumi"]
[Date "2018.09.26"]
[Round "3"]
[Board "2"]
[WhiteFideId "11300280"]
[White "Khetho Phemelo"]
[BlackFideId "14907518"]
[Black "Jurcik Marian"]
[Result "0-1"]
[LiveChessVersion "1.4.8"]
[BlackElo "2451"]
[WhiteElo "2158"]

1. e4 {[%clk 1:30:47]} c5 {[%clk 1:30:33]} 2. b3 {[%clk 1:30:06]} g6
{[%clk 1:28:58]} 3. Bb2 {[%clk 1:30:02]} Nf6 {[%clk 1:29:26]} 4. f4
{[%clk 1:28:30]} Bg7 {[%clk 1:29:15]} 5. Nf3 {[%clk 1:26:44]} O-O
{[%clk 1:28:58]} 6. e5 {[%clk 1:15:14]} Nd5 {[%clk 1:27:58]} 7. g3
{[%clk 1:15:26]} d6 {[%clk 1:27:56]} 8. Bg2 {[%clk 1:10:22]} Nc6 {[%clk 1:27:33]}
9. O-O {[%clk 0:59:01]} Bg4 {[%clk 1:15:55]} 10. h3 {[%clk 0:44:08]} Bxf3
{[%clk 1:14:22]} 11. Qxf3 {[%clk 0:41:48]} Ndb4 {[%clk 1:13:50]} 12. Qd1
{[%clk 0:33:27]} dxe5 {[%clk 1:13:03]} 13. a3 {[%clk 0:33:45]} exf4
{[%clk 1:11:25]} 14. Bxg7 {[%clk 0:33:35]} Kxg7 {[%clk 1:11:45]} 15. Nc3
{[%clk 0:33:51]} Na6 {[%clk 1:09:00]} 16. Bxc6 {[%clk 0:33:07]} bxc6
{[%clk 1:09:09]} 17. Rxf4 {[%clk 0:33:10]} Nc7 {[%clk 1:07:52]} 18. Rc4
{[%clk 0:32:53]} Ne6 {[%clk 0:50:18]} 19. d3 {[%clk 0:30:37]} Qc7
{[%clk 0:47:20]} 20. Kg2 {[%clk 0:29:10]} Rad8 {[%clk 0:45:57]} 21. Qg1
{[%clk 0:25:24]} Rd4 {[%clk 0:45:25]} 22. Rxc5 {[%clk 0:23:38]} Qd6
{[%clk 0:40:06]} 23. Ra5 {[%clk 0:21:12]} c5 {[%clk 0:30:11]} 24. Qe3
{[%clk 0:19:45]} Qc7 {[%clk 0:25:44]} 25. Ra4 {[%clk 0:19:47]} Rxa4
{[%clk 0:25:27]} 26. Nxa4 {[%clk 0:16:50]} Nd4 {[%clk 0:25:55]} 27. Re1
{[%clk 0:15:40]} Nxc2 {[%clk 0:18:02]} 28. Qxe7 {[%clk 0:10:46]} Nxe1+
{[%clk 0:18:29]} 0-1

[Event "World Chess Olympiad 2018"]
[Site "Batumi"]
[Date "2018.09.26"]
[Round "3"]
[Board "4"]
[WhiteFideId "11300353"]
[White "Gumpo Thabo"]
[BlackFideId "14923432"]
[Black "Nayhebaver Martin"]
[Result "0-1"]
[LiveChessVersion "1.4.8"]
[BlackElo "2466"]
[WhiteElo "2059"]

1. e4 {[%clk 1:30:51]} c5 {[%clk 1:30:39]} 2. b3 {[%clk 1:30:46]} a6
{[%clk 1:27:59]} 3. Bb2 {[%clk 1:30:04]} Nc6 {[%clk 1:27:37]} 4. Nf3
{[%clk 1:28:56]} e6 {[%clk 1:26:08]} 5. Be2 {[%clk 1:18:19]} Nf6 {[%clk 1:25:00]}
6. Nc3 {[%clk 1:18:23]} Qc7 {[%clk 1:23:12]} 7. a4 {[%clk 1:16:07]} Be7
{[%clk 1:22:02]} 8. O-O {[%clk 1:16:20]} Ng4 {[%clk 1:17:40]} 9. g3
{[%clk 1:06:37]} O-O {[%clk 1:14:06]} 10. h3 {[%clk 1:00:10]} Nf6
{[%clk 1:07:32]} 11. Re1 {[%clk 0:58:28]} d5 {[%clk 1:04:31]} 12. Bf1
{[%clk 0:54:02]} Rb8 {[%clk 0:59:42]} 13. Bg2 {[%clk 0:47:58]} d4
{[%clk 0:55:27]} 14. Nb1 {[%clk 0:47:23]} b5 {[%clk 0:54:42]} 15. d3
{[%clk 0:47:13]} e5 {[%clk 0:54:31]} 16. axb5 {[%clk 0:46:34]} axb5
{[%clk 0:54:54]} 17. Nbd2 {[%clk 0:46:32]} Ne8 {[%clk 0:54:38]} 18. Qe2
{[%clk 0:33:04]} Be6 {[%clk 0:53:11]} 19. c3 {[%clk 0:31:05]} Qd7
{[%clk 0:43:37]} 20. Kh2 {[%clk 0:30:59]} f6 {[%clk 0:43:11]} 21. Nh4
{[%clk 0:24:54]} Nd6 {[%clk 0:35:47]} 22. Ra6 {[%clk 0:22:35]} Ra8
{[%clk 0:25:32]} 23. Rea1 {[%clk 0:22:45]} Rxa6 {[%clk 0:24:04]} 24. Rxa6
{[%clk 0:23:12]} Qb7 {[%clk 0:24:26]} 25. Ra1 {[%clk 0:23:17]} dxc3
{[%clk 0:15:37]} 26. Bxc3 {[%clk 0:23:36]} Ra8 {[%clk 0:11:51]} 27. Qf1
{[%clk 0:22:17]} Rd8 {[%clk 0:11:04]} 28. Qb1 {[%clk 0:17:05]} b4
{[%clk 0:06:58]} 29. Bb2 {[%clk 0:16:55]} Nb5 {[%clk 0:07:26]} 30. Nf5
{[%clk 0:14:45]} Qd7 {[%clk 0:07:33]} 31. Nxe7+ {[%clk 0:11:36]} Qxe7
{[%clk 0:07:44]} 32. Bf1 {[%clk 0:10:16]} Ncd4 {[%clk 0:06:20]} 33. Bxd4
{[%clk 0:09:13]} Nxd4 {[%clk 0:06:42]} 34. Ra5 {[%clk 0:07:57]} Qf7
{[%clk 0:03:15]} 35. Rxc5 {[%clk 0:05:06]} Bxb3 {[%clk 0:03:36]} 36. Nxb3
{[%clk 0:03:15]} Qxb3 {[%clk 0:03:38]} 37. Qc1 {[%clk 0:01:44]} Qe6
{[%clk 0:02:46]} 38. Qb2 {[%clk 0:01:02]} b3 {[%clk 0:03:00]} 39. Be2
{[%clk 0:00:58]} Qb6 {[%clk 0:02:29]} 40. Rc1 {[%clk 0:30:41]} Ra8
{[%clk 0:32:19]} 41. Bd1 {[%clk 0:27:05]} Ra2 {[%clk 0:30:26]} 42. Qc3
{[%clk 0:25:47]} Rxf2+ {[%clk 0:30:18]} 43. Kh1 {[%clk 0:25:29]} Rf1+
{[%clk 0:28:33]} 44. Kg2 {[%clk 0:23:36]} Rg1+ {[%clk 0:28:56]} 0-1

[Event "World Chess Olympiad 2018"]
[Site "Batumi"]
[Date "2018.09.26"]
[Round "3"]
[Board "1"]
[WhiteFideId "7200595"]
[White "Ziska Helgi Dam"]
[BlackFideId "5600618"]
[Black "Zerafa Robert"]
[Result "1/2-1/2"]
[LiveChessVersion "1.4.8"]
[BlackElo "2085"]
[WhiteElo "2550"]

1. e4 {[%clk 1:30:53]} e5 {[%clk 1:30:56]} 2. Nf3 {[%clk 1:30:46]} Nc6
{[%clk 1:31:18]} 3. Bb5 {[%clk 1:30:19]} a6 {[%clk 1:31:36]} 4. Ba4
{[%clk 1:30:35]} Nf6 {[%clk 1:31:33]} 5. O-O {[%clk 1:30:56]} Be7
{[%clk 1:31:48]} 6. d3 {[%clk 1:30:16]} b5 {[%clk 1:31:55]} 7. Bb3
{[%clk 1:30:36]} O-O {[%clk 1:32:09]} 8. a4 {[%clk 1:30:08]} Bb7 {[%clk 1:31:12]}
9. Bg5 {[%clk 1:06:11]} Na5 {[%clk 1:12:25]} 10. Ba2 {[%clk 1:06:21]} d5
{[%clk 0:46:23]} 11. Bxf6 {[%clk 0:59:25]} Bxf6 {[%clk 0:45:40]} 12. Bxd5
{[%clk 0:59:19]} Bxd5 {[%clk 0:45:13]} 13. exd5 {[%clk 0:59:44]} Qxd5
{[%clk 0:44:40]} 14. Qd2 {[%clk 0:47:41]} b4 {[%clk 0:41:34]} 15. Qxb4
{[%clk 0:45:48]} Rab8 {[%clk 0:39:14]} 16. Qa3 {[%clk 0:45:56]} e4
{[%clk 0:39:07]} 17. Nc3 {[%clk 0:45:58]} Bxc3 {[%clk 0:32:39]} 18. dxe4
{[%clk 0:46:21]} Bxb2 {[%clk 0:32:03]} 19. exd5 {[%clk 0:45:27]} Bxa3
{[%clk 0:32:26]} 20. Rxa3 {[%clk 0:45:54]} Nc4 {[%clk 0:27:39]} 21. Rc3
{[%clk 0:43:08]} Rb4 {[%clk 0:27:34]} 22. a5 {[%clk 0:42:57]} Rd8
{[%clk 0:27:26]} 23. Nd4 {[%clk 0:42:34]} Nxa5 {[%clk 0:24:25]} 24. Nf5
{[%clk 0:42:46]} Rc4 {[%clk 0:24:00]} 25. Ra3 {[%clk 0:43:03]} Nb7
{[%clk 0:18:45]} 26. Ne3 {[%clk 0:42:54]} Rc5 {[%clk 0:15:38]} 27. Rxa6
{[%clk 0:43:17]} g6 {[%clk 0:15:44]} 28. Rb1 {[%clk 0:41:13]} Nd6
{[%clk 0:15:13]} 29. Rb4 {[%clk 0:40:56]} Nf5 {[%clk 0:13:48]} 30. c4
{[%clk 0:36:08]} Re8 {[%clk 0:12:54]} 31. Ra3 {[%clk 0:35:21]} Re4
{[%clk 0:13:05]} 32. Rc3 {[%clk 0:35:02]} Rd4 {[%clk 0:13:27]} 33. Rb8+
{[%clk 0:31:09]} Kg7 {[%clk 0:13:50]} 34. Rc8 {[%clk 0:30:23]} Nxe3
{[%clk 0:08:26]} 35. fxe3 {[%clk 0:30:51]} Rd2 {[%clk 0:08:50]} 36. h3
{[%clk 0:26:28]} h5 {[%clk 0:05:36]} 37. Kh2 {[%clk 0:19:20]} h4 {[%clk 0:05:08]}
38. e4 {[%clk 0:14:34]} Re2 {[%clk 0:03:28]} 39. Re8 {[%clk 0:14:35]} f5
{[%clk 0:01:02]} 40. Re7+ {[%clk 0:41:27]} Kh6 {[%clk 0:30:41]} 41. e5
{[%clk 0:40:49]} Ra5 {[%clk 0:15:31]} 42. Rc1 {[%clk 0:40:55]} Raa2
{[%clk 0:11:07]} 43. Rg1 {[%clk 0:41:09]} f4 {[%clk 0:10:36]} 44. Rf7
{[%clk 0:15:15]} Kg5 {[%clk 0:08:05]} 45. Rxc7 {[%clk 0:09:34]} Rxe5
{[%clk 0:06:41]} 46. d6 {[%clk 0:09:30]} Ree2 {[%clk 0:05:14]} 47. c5
{[%clk 0:02:57]} f3 {[%clk 0:03:46]} 48. Rf7 {[%clk 0:02:37]} Rac2
{[%clk 0:02:50]} 49. Rxf3 {[%clk 0:00:56]} Red2 {[%clk 0:02:28]} 50. Re1
{[%clk 0:00:41]} Rxg2+ {[%clk 0:00:40]} 51. Kh1 {[%clk 0:01:07]} Rh2+
{[%clk 0:01:06]} 52. Kg1 {[%clk 0:01:34]} Rhg2+ {[%clk 0:01:31]} 53. Kf1
{[%clk 0:01:53]} Rh2 {[%clk 0:01:53]} 54. Kg1 {[%clk 0:02:19]} Rhg2+
{[%clk 0:02:18]} 1/2-1/2

[Event "World Chess Olympiad 2018"]
[Site "Batumi"]
[Date "2018.09.26"]
[Round "3"]
[Board "2"]
[WhiteFideId "5600189"]
[White "Pace Colin"]
[BlackFideId "7200013"]
[Black "Rodgaard John"]
[Result "1/2-1/2"]
[LiveChessVersion "1.4.8"]
[BlackElo "2331"]
[WhiteElo "2132"]

1. e4 {[%clk 1:30:55]} c6 {[%clk 1:30:32]} 2. d4 {[%clk 1:31:16]} d5
{[%clk 1:30:49]} 3. Nc3 {[%clk 1:31:22]} dxe4 {[%clk 1:30:38]} 4. Nxe4
{[%clk 1:31:47]} Bf5 {[%clk 1:30:39]} 5. Ng3 {[%clk 1:32:09]} Bg6
{[%clk 1:30:50]} 6. Bc4 {[%clk 1:32:10]} e6 {[%clk 1:24:07]} 7. N1e2
{[%clk 1:31:03]} Bd6 {[%clk 1:18:00]} 8. h4 {[%clk 1:29:55]} h6 {[%clk 1:12:05]}
9. Nf4 {[%clk 1:28:55]} Bxf4 {[%clk 1:08:37]} 10. Bxf4 {[%clk 1:29:07]} Nf6
{[%clk 1:07:57]} 11. Qd2 {[%clk 1:20:42]} Nbd7 {[%clk 1:01:06]} 12. h5
{[%clk 1:10:51]} Bh7 {[%clk 1:00:07]} 13. Bd3 {[%clk 1:05:40]} Bxd3
{[%clk 0:57:42]} 14. Qxd3 {[%clk 1:05:48]} Qa5+ {[%clk 0:47:30]} 15. Bd2
{[%clk 0:58:19]} Qc7 {[%clk 0:42:36]} 16. Ne4 {[%clk 0:45:55]} Rd8
{[%clk 0:26:37]} 17. O-O-O {[%clk 0:33:41]} Nxe4 {[%clk 0:23:20]} 18. Qxe4
{[%clk 0:34:07]} Nf6 {[%clk 0:23:11]} 19. Qh4 {[%clk 0:27:12]} Qe7
{[%clk 0:12:15]} 20. a3 {[%clk 0:23:37]} Nd5 {[%clk 0:08:35]} 21. Qg4
{[%clk 0:23:25]} Qf6 {[%clk 0:08:14]} 22. Rh3 {[%clk 0:15:36]} Ne7
{[%clk 0:08:08]} 23. Be3 {[%clk 0:08:13]} Nf5 {[%clk 0:06:51]} 24. Rf3
{[%clk 0:07:28]} Qh4 {[%clk 0:06:28]} 25. Qxh4 {[%clk 0:06:28]} Nxh4
{[%clk 0:06:56]} 26. Rg3 {[%clk 0:06:35]} Nf5 {[%clk 0:07:21]} 27. Rf3
{[%clk 0:06:36]} b5 {[%clk 0:06:46]} 28. g4 {[%clk 0:05:01]} Ne7 {[%clk 0:06:23]}
29. d5 {[%clk 0:03:42]} cxd5 {[%clk 0:04:19]} 30. Bxa7 {[%clk 0:03:59]} Nc6
{[%clk 0:04:31]} 31. Bc5 {[%clk 0:03:19]} f6 {[%clk 0:04:12]} 32. Rb3
{[%clk 0:02:31]} Rb8 {[%clk 0:04:32]} 33. f4 {[%clk 0:02:02]} Kd7
{[%clk 0:03:45]} 34. Re3 {[%clk 0:00:59]} Rhe8 {[%clk 0:03:29]} 35. f5
{[%clk 0:00:42]} Ne5 {[%clk 0:03:28]} 36. fxe6+ {[%clk 0:01:04]} Rxe6
{[%clk 0:02:14]} 37. Bb4 {[%clk 0:00:46]} Rc6 {[%clk 0:01:00]} 38. Rxd5+
{[%clk 0:00:50]} Ke6 {[%clk 0:01:22]} 39. Rd4 {[%clk 0:00:43]} Rbc8
{[%clk 0:01:05]} 40. Re2 {[%clk 0:30:44]} Rc4 {[%clk 0:30:45]} 41. Bc3
{[%clk 0:27:09]} Rxd4 {[%clk 0:24:58]} 42. Bxd4 {[%clk 0:27:37]} Kd5
{[%clk 0:24:53]} 43. c3 {[%clk 0:14:56]} Rc7 {[%clk 0:19:35]} 44. g5
{[%clk 0:11:51]} hxg5 {[%clk 0:14:43]} 45. Bxe5 {[%clk 0:12:14]} Re7
{[%clk 0:14:40]} 46. Rd2+ {[%clk 0:06:27]} Kxe5 {[%clk 0:14:56]} 47. Re2+
{[%clk 0:06:17]} Kd6 {[%clk 0:15:23]} 48. Rxe7 {[%clk 0:06:09]} Kxe7
{[%clk 0:15:50]} 49. b3 {[%clk 0:06:29]} Kd6 {[%clk 0:12:40]} 50. a4
{[%clk 0:06:31]} bxa4 {[%clk 0:09:59]} 51. bxa4 {[%clk 0:07:00]} Kc5
{[%clk 0:09:51]} 52. Kd2 {[%clk 0:07:13]} f5 {[%clk 0:08:34]} 53. Ke3
{[%clk 0:06:42]} Kc4 {[%clk 0:06:31]} 54. Kf3 {[%clk 0:05:05]} Kc5
{[%clk 0:04:19]} 55. Ke3 {[%clk 0:05:19]} Kc4 {[%clk 0:03:53]} 1/2-1/2